Tìm hiểu lễ hội chùa Việt ở Đà Nẵng (Qua nghiên cứu những lễ trọng Phật giáo tại chùa Quang Minh - Liên Chiểu - Đà Nẵng)
Tổng quan về vùng đất Phật giáo ở Đà Nẵng. Chùa Quang Minh và những lễ hội thuần túy Phật giáo.
保存先:
| 第一著者: | |
|---|---|
| その他の著者: | |
| フォーマット: | 図書 |
| 言語: | Vietnamese |
| 出版事項: |
Đại học Đà Nẵng
Đại học sư phạm
2009
|
| 主題: | |
| タグ: |
タグ追加
タグなし, このレコードへの初めてのタグを付けませんか!
|
| Thư viện lưu trữ: | Mạng thư viện Đại học Đà Nẵng |
|---|
| LEADER | 01468nam a2200349 4500 | ||
|---|---|---|---|
| 001 | 000010946 | ||
| 003 | 7173 | ||
| 005 | 20111223151253.0 | ||
| 008 | 111223s2009 viesd | ||
| 041 | |a vie | ||
| 072 | |a Khóa luận tốt nghiệp | ||
| 082 | |a 394.25 |b TR-B | ||
| 100 | |a Trần Thị Bích Ngọc | ||
| 245 | |a Tìm hiểu lễ hội chùa Việt ở Đà Nẵng (Qua nghiên cứu những lễ trọng Phật giáo tại chùa Quang Minh - Liên Chiểu - Đà Nẵng) |c Trần Thị Bích Ngọc | ||
| 260 | |a Đại học Đà Nẵng |b Đại học sư phạm |c 2009 | ||
| 300 | |a 72tr. |c 29 cm | ||
| 500 | |a Khóa luận tốt nghiệp. Chuyên ngành Cử nhân văn học | ||
| 520 | |a Tổng quan về vùng đất Phật giáo ở Đà Nẵng. Chùa Quang Minh và những lễ hội thuần túy Phật giáo. | ||
| 653 | |a Phật giáo | ||
| 653 | |a Khóa luận tốt nghiệp | ||
| 653 | |a Quang Minh | ||
| 700 | |a Nguyễn Xuân Hương |c TS. |e Hướng dẫn | ||
| OWN | |a LSP | ||
| AVA | |a UDN50 |b LSP |d 394.25 TR-B |e available |t Error 5001 Not defined in file expand_doc_bib_avail. |f 1 |g 0 |h N |i 0 |k 1 | ||
| 999 | |a From the UDN01 | ||
| AVA | |a UDN50 |b LSP |d 394.25 TR-B |e available |t Error 5001 Not defined in file expand_doc_bib_avail. |f 1 |g 0 |h N |i 0 |k 1 | ||
| TYP | |a Monograph | ||
| TYP | |a Printed language | ||
| 980 | |a Mạng thư viện Đại học Đà Nẵng | ||